Hasil penjelidikan mahasiswa tingkat III, Fakultas Pertanian, Universitas Sumatera Utara, Medan, dikampong Selesai, dari tanggal 26/12/1959 s/d 2/1/1960. (Record no. 88481)

MARC details
000 -LEADER
fixed length control field 00916cam a22002531 4500
001 - CONTROL NUMBER
control field sa 68018530
003 - CONTROL NUMBER IDENTIFIER
control field DLC
005 - DATE AND TIME OF LATEST TRANSACTION
control field 20260227112712.0
008 - FIXED-LENGTH DATA ELEMENTS--GENERAL INFORMATION
fixed length control field 880602s1961 io 000 0 ind
010 ## - LIBRARY OF CONGRESS CONTROL NUMBER
LC control number sa 68018530
025 ## - OVERSEAS ACQUISITION NUMBER
Overseas acquisition number PL480:Indo-8016
035 ## - SYSTEM CONTROL NUMBER
System control number (OCoLC)18034013
040 ## - CATALOGING SOURCE
Original cataloging agency DLC
Transcribing agency CU
Modifying agency CU
-- DLC
042 ## - AUTHENTICATION CODE
Authentication code premarc
050 00 - LIBRARY OF CONGRESS CALL NUMBER
Classification number S471.I52
Item number S44
110 2# - MAIN ENTRY--CORPORATE NAME
Corporate name or jurisdiction name as entry element Universitas Sumatera Utara.
Subordinate unit Panitia Penjelidikan Pertanian Rakjat.
245 10 - TITLE STATEMENT
Title Hasil penjelidikan mahasiswa tingkat III, Fakultas Pertanian, Universitas Sumatera Utara, Medan, dikampong Selesai, dari tanggal 26/12/1959 s/d 2/1/1960.
260 ## - PUBLICATION, DISTRIBUTION, ETC.
Place of publication, distribution, etc. Medan,
Date of publication, distribution, etc. 1961.
300 ## - PHYSICAL DESCRIPTION
Extent 24 p.
Dimensions 34 cm.
490 1# - SERIES STATEMENT
Series statement Seri penjelidikan mahasiswa,
Volume/sequential designation laporan 2
500 ## - GENERAL NOTE
General note Caption title.
650 #0 - SUBJECT ADDED ENTRY--TOPICAL TERM
Topical term or geographic name entry element Agriculture
Geographic subdivision Indonesia
-- Selesai.
810 2# - SERIES ADDED ENTRY--CORPORATE NAME
Corporate name or jurisdiction name as entry element Universitas Sumatera Utara.
Subordinate unit Fakultas Pertanian.
Title of a work Seri penjelidikan mahasiswa ;
Volume/sequential designation laporan 2.

No items available.

Powered by Koha